Normal view
MARC view
- Pakistan and un Control of Media (Urdu)
Entry Topical Term
001 - CONTROL NUMBER
- control field: 110866
003 - CONTROL NUMBER IDENTIFIER
- control field: NUST
005 - DATE AND TIME OF LATEST TRANSACTION
- control field: 20230321125948.0
008 - FIXED-LENGTH DATA ELEMENTS
- fixed length control field: 230321|| aca||aabn | a|a d
040 ## - CATALOGING SOURCE
- Original cataloging agency: NUST
- Transcribing agency: NUST
150 ## - HEADING--TOPICAL TERM
- Topical term or geographic name entry element: Pakistan and un Control of Media (Urdu)
670 ## - SOURCE DATA FOUND
- Source citation: Work cat.: (NUST)188143: Hussan ,Burhanuddin 110865, Pes-e-Parda / پس پردہ (Urdu) /, 2005
